[Event "FRA-ch"]
[Site "Strasbourg"]
[Date "1992.??.??"]
[Round "13"]
[White "Prie, Eric"]
[Black "Seret, Jean Luc"]
[Result "1-0"]
[WhiteElo "2460"]
[BlackElo "2420"]

1.e4 g6 2.d4 Bg7 3.Nc3 d6 4.f4 Nf6 5.Nf3 O-O 6.Bd3 Na6 7.O-O c5 8.d5 Bg4
9.Kh1 Nc7 10.Qe1 Qd7 11.a4 a6 12.a5 e6 13.dxe6 Nxe6 14.f5 Nd4 15.Nxd4 cxd4
16.Na4 Rae8 17.Qh4 d5 18.e5 Rxe5 19.Bg5 Bxf5 20.Bxf6 Bxd3 21.Bxg7 Rh5 22.Qf6 Qc7
23.Rf4 Bf5 24.Bh8 Rxh2+ 25.Kg1 Rxg2+ 26.Kxg2 Qxc2+ 27.Kg1  1-0

[Event "Subotica Palic"]
[Site "Subotica"]
[Date "1992.??.??"]
[Round "?"]
[White "Vukovic, Zdravko"]
[Black "Vujadinovic, Goran"]
[Result "1/2-1/2"]
[WhiteElo "2410"]
[BlackElo "2405"]

1.e4 d6 2.Nc3 g6 3.d4 Bg7 4.Nf3 Nf6 5.Be2 O-O 6.O-O c6 7.Re1 Qc7 8.h3 Nbd7
9.a4 b6 10.Bc4 e5 11.dxe5 dxe5 12.Be3 a6 13.Qd2 Bb7 14.Bh6 Rad8 15.Qg5 b5
16.Bd3 Bxh6 17.Qxh6 Rfe8 18.Ng5 Nc5 19.Re3 Ne6 20.axb5 cxb5 21.Ne2 Nxg5 22.Qxg5 Nh5
23.Rf3 Qe7 24.Qxe7 Rxe7 25.Re3 Ng7 26.Nc3 Rd6 27.Nd5 Bxd5 28.exd5 Ne8 29.f4 Nc7
30.c4 bxc4 31.fxe5 Rxd5  1/2-1/2

[Event "Sydney op"]
[Site "Sydney"]
[Date "1992.??.??"]
[Round "4"]
[White "Gluzman, Mikhail"]
[Black "Gavela, Dragan"]
[Result "1-0"]
[WhiteElo "2440"]
[BlackElo "2325"]

1.e4 g6 2.d4 Bg7 3.Nc3 d6 4.Nge2 e5 5.Be3 Nc6 6.d5 Nce7 7.h4 f5 8.exf5 gxf5
9.f3 Nf6 10.Qd2 c6 11.Bg5 cxd5 12.Bxf6 Bxf6 13.Nxd5 Nxd5 14.Qxd5 Bd7 15.O-O-O Be7
16.f4 Qc7 17.Rh3 O-O-O 18.Qf7 Bc6 19.Nc3 Kb8 20.Nd5 Bxd5 21.Qxd5 Bf6 22.Ba6 Rc8
23.Rd2 Qb6 24.Bxb7 Rc5 25.Qe6 Bd8 26.Rb3 Rb5 27.Qc8+  1-0

[Event "Sydney op"]
[Site "Sydney"]
[Date "1992.??.??"]
[Round "8"]
[White "Veroci, Zsuzsa"]
[Black "Hacche, David"]
[Result "1-0"]
[WhiteElo "2325"]
[BlackElo "2295"]

1.e4 g6 2.d4 Bg7 3.Nc3 d6 4.Be3 c6 5.a4 Qa5 6.Qd2 Nf6 7.h3 Nbd7 8.Nf3 e5
9.Bd3 O-O 10.O-O Re8 11.dxe5 dxe5 12.Ng5 Qb4 13.b3 Rf8 14.Rad1 h6 15.Nf3 Kh7
16.Rfe1 Nh5 17.Ne2 Qe7 18.g4 Nhf6 19.Ng3 Nc5 20.Qb4 Nfd7 21.Be2 a5 22.Rxd7 Qxd7
23.Qxc5 Qc7 24.Qb6 Qd7 25.Rd1 Qe8 26.Nd2 Bf6 27.Nc4 Bd8 28.Qc5 Be6 29.Nd6 Qd7
30.Nxb7 Qxb7 31.Qxf8 Bg5 32.Qc5  1-0

[Event "Tel Aviv-B"]
[Site "Tel Aviv"]
[Date "1992.??.??"]
[Round "5"]
[White "Tseitlin, Mark D"]
[Black "Pein, Malcolm"]
[Result "1/2-1/2"]
[WhiteElo "2440"]
[BlackElo "2450"]

1.e4 d6 2.d4 g6 3.Nc3 Bg7 4.f4 Nf6 5.Nf3 O-O 6.Bd3 Na6 7.O-O c5 8.d5 Bg4
9.Qe1 Nb4 10.Qh4 c4 11.Bxc4 Nxc2 12.Rb1 Qb6+ 13.Kh1 Rfc8 14.Bb3 Qa6 15.Bd2 Qd3
16.Rbd1 Nd4 17.Bc1 Nxf3 18.Qg3 Qa6 19.gxf3 Bd7 20.f5 b5 21.Ne2 Nh5 22.Qh4 b4
23.Nf4 Bf6 24.Qf2 Rxc1 25.Nxh5 Rxd1 26.Nxf6+ exf6 27.Rxd1 Rc8 28.Qd2 Qb6
29.Kg2 Qc5 30.Qd4 a5 31.Qxc5 Rxc5 32.Rd4 gxf5 33.exf5 Bxf5 34.Kf2 Kg7 35.Bc4 Kg6
36.Ke3 Bd7 37.Re4 Bf5 38.Rd4 Bd7 39.Re4 Bf5 40.Rd4  1/2-1/2

[Event "Tomo Zupan op"]
[Site "Tomo Zupan"]
[Date "1992.??.??"]
[Round "?"]
[White "Kosmac, Blaz"]
[Black "Slibar, Matjaz"]
[Result "0-1"]
[WhiteElo "2000"]
[BlackElo "2225"]

1.e4 g6 2.d4 Bg7 3.Nc3 d6 4.Be3 b6 5.f3 Bd7 6.Qd2 Qc8 7.Nge2 c5 8.g4 Nc6
9.h4 h5 10.gxh5 Rxh5 11.O-O-O Qb7 12.Nd5 Nf6 13.Nef4 Rh8 14.Bc4 cxd4 15.Bxd4 Nxd4
16.Qxd4 Nh5 17.Qd3 Bh6 18.Ba6 Nxf4 19.Qd2 Qxa6  0-1

[Event "Toronto"]
[Site "Toronto"]
[Date "1992.??.??"]
[Round "?"]
[White "Southam, David"]
[Black "Schleifer, Michael"]
[Result "0-1"]
[WhiteElo "2270"]
[BlackElo "2240"]

1.e4 g6 2.d4 Bg7 3.Nc3 d6 4.Bc4 Nc6 5.Nf3 Nf6 6.Qe2 Bg4 7.Be3 O-O 8.h3 Bxf3
9.gxf3 e5 10.dxe5 dxe5 11.Bc5 Nd4 12.Qd3 Re8 13.O-O-O Nd7 14.Ba3 c6 15.Ne2 b5
16.Bb3 Qb6 17.Nxd4 exd4 18.Bxf7+ Kxf7 19.Qb3+ Re6 20.f4 Bh6 21.c3 Bxf4+ 22.Kb1 d3
23.Rxd3 Ne5 24.Rd6 Nc4 25.Rd7+ Kg8 26.Rhd1 Rae8 27.f3 a5  0-1

[Event "Toronto op3"]
[Site "Toronto"]
[Date "1992.??.??"]
[Round "6"]
[White "Day, Lawrence A"]
[Black "Schleifer, Michael"]
[Result "0-1"]
[WhiteElo "2395"]
[BlackElo "2240"]

1.e4 g6 2.d4 Bg7 3.Nc3 d6 4.Be3 Nf6 5.f3 O-O 6.Qd2 e5 7.dxe5 dxe5 8.Bd3 Nc6
9.a3 Be6 10.Nce2 Qe7 11.h4 Nd7 12.h5 Rfd8 13.hxg6 hxg6 14.Nh3 Nd4 15.Nxd4 exd4
16.Bg5 f6 17.Bh6 Bxh6 18.Qxh6 Qg7 19.Qd2 c5 20.Nf2 c4 21.Be2 Nb6 22.f4 Rac8
23.Rd1 Qf8 24.f5 gxf5 25.Qf4 Rc5 26.Rh3 fxe4 27.Rg3+ Kf7 28.Nxe4 Rf5 29.Qh4 Rdd5
30.Qh7+ Ke8 31.Qxb7 Rd7 32.Qb8+ Ke7 33.Qxf8+ Kxf8 34.Rf3 Ke7 35.Nd2 Re5 36.Kf1 Rd8
37.Re1 Rh8 38.Kf2 Rh4 39.Bf1 Rg4 40.Rd1 Bd5 41.Rh3 Na4 42.Rh7+ Kd6 43.Rxa7 Nxb2
44.Rb1 c3 45.Nf3 Rf5 46.a4 Be4 47.Rc1 Rgf4 48.Be2 Bxf3 49.gxf3 Rg5 50.Rh1 d3
51.Ra6+ Kc5 52.cxd3 Kb4 53.Ke3 Rff5 54.d4 Kb3 55.f4 Rg2 56.Bf3 Rd2 57.d5 Nc4+
58.Ke4 Rfxd5 59.Bg4  0-1

[Event "Uppsala op"]
[Site "Uppsala"]
[Date "1992.??.??"]
[Round "?"]
[White "Backelin, Rikard"]
[Black "Johansson, Jan"]
[Result "0-1"]
[WhiteElo "2275"]
[BlackElo "2390"]

1.e4 g6 2.d4 Bg7 3.Nc3 d6 4.Nge2 Nc6 5.h3 e5 6.Be3 f5 7.dxe5 Nxe5 8.exf5 Bxf5
9.Nd4 Ne7 10.Be2 O-O 11.O-O c6 12.Qd2 Bd7 13.Ne4 d5 14.Nc5 Qc8 15.Bh6 Bxh6
16.Qxh6 Nf5 17.Nxf5 Bxf5 18.c3 Qc7 19.b4 Rae8 20.Rfe1 b6 21.Nb3 Be4 22.Nd2 Nf7
23.Qh4 g5 24.Qg4 Bg6 25.Bf1 h6 26.Nb3 Nd6 27.Nd4 Qf7 28.f3 c5 29.bxc5 bxc5
30.Nb3 Bh5 31.Qg3 Nf5 32.Qf2 Nh4 33.Rxe8 Qxe8  0-1

[Event "Morava-ch U20"]
[Site "Valtice"]
[Date "1992.??.??"]
[Round "6"]
[White "Reznicek, Tomas"]
[Black "Rachunek, Martin"]
[Result "1-0"]
[WhiteElo "2025"]
[BlackElo "1950"]

1.e4 g6 2.d4 Bg7 3.Nc3 d6 4.f4 Nf6 5.Nf3 O-O 6.Bd3 Bg4 7.h3 Bxf3 8.Qxf3 Nc6
9.Be3 Nd7 10.e5 Nb4 11.O-O-O c5 12.dxc5 Qa5 13.cxd6 Nxa2+ 14.Nxa2 Qxa2 15.dxe7 Rfc8
16.Qxb7 Nb6 17.Qa6 Na4 18.Kd2  1-0

[Event "Victoria-ch"]
[Site "Victoria"]
[Date "1992.??.??"]
[Round "2"]
[White "Gluzman, Mikhail"]
[Black "Hacche, David"]
[Result "1-0"]
[WhiteElo "2440"]
[BlackElo "2295"]

1.e4 d6 2.d4 g6 3.Nc3 Bg7 4.Be3 a6 5.a4 Nd7 6.g3 Ngf6 7.h3 c5 8.Bg2 Qa5 9.Ne2 O-O
10.O-O cxd4 11.Bxd4 Ne5 12.Nf4 e6 13.Nfe2 Rd8 14.f4 Nc6 15.Be3 h5 16.Qe1 Qb4
17.Qf2 Nd7 18.a5 d5 19.exd5 exd5 20.Nxd5 Qxb2 21.c3 Nf6 22.Nc7 Bf5 23.Nxa8 Rxa8
24.Nd4 Qxc3 25.Nxc6 bxc6 26.Bd4 Qb4 27.Qb2 Rb8 28.Qxb4 Rxb4 29.Be5 Ne4 30.Rfb1 Bxe5
31.fxe5 Rd4 32.Rd1 Rb4 33.Rdb1 Rd4 34.Rb6 Nxg3 35.Rxa6 Rd2 36.Bf3 g5 37.Ra3 h4
38.Rxc6 Bxh3 39.a6 Bf5 40.a7 h3 41.a8=Q+ Kh7 42.Rh6+  1-0

[Event "Viernheim"]
[Site "Viernheim"]
[Date "1992.??.??"]
[Round "4"]
[White "Schlindwein, Rolf"]
[Black "Schmaltz, Roland"]
[Result "1/2-1/2"]
[WhiteElo "2225"]
[BlackElo "2305"]

1.d4 d6 2.Nc3 g6 3.e4 Bg7 4.f4 Nf6 5.Nf3 c5 6.Bb5+ Bd7 7.e5 Ng4 8.e6 fxe6
9.Ng5 Bxb5 10.Nxe6 Bxd4 11.Nxd8 Bf2+  1/2-1/2

[Event "Viernheim"]
[Site "Viernheim"]
[Date "1992.??.??"]
[Round "6"]
[White "Schmidt, Stefan"]
[Black "Schmaltz, Roland"]
[Result "0-1"]
[WhiteElo "2290"]
[BlackElo "2305"]

1.e4 g6 2.d4 Bg7 3.Nc3 d6 4.Bc4 Nf6 5.Qe2 Nc6 6.e5 Ng4 7.Bb5 O-O 8.Bxc6 bxc6
9.h3 Nh6 10.Bd2 c5 11.dxc5 Bb7 12.Nf3 Nf5 13.O-O-O dxe5 14.Nxe5 Bxg2 15.Rhg1 Nd4
16.Qc4 Bxe5 17.Rxg2 Qc8 18.Rg4 Nf5 19.h4 Rd8 20.h5 e6 21.Re1 Bg7 22.hxg6 hxg6
23.Bg5 Rd7 24.Rh1 Rb8 25.b3 a5 26.a3 c6 27.Ne4 Rd5 28.Nf6+ Kf8 29.c3 Qb7
30.b4 axb4 31.cxb4 Ra8 32.Rh3 Qe7 33.Re4 Rad8 34.Kc2 Nd4+ 35.Kb2 Rxg5 36.Nh7+ Kg8
37.Nxg5 Nf3+ 38.Kb3 Nd2+  0-1

[Event "Warsaw op"]
[Site "Warsaw"]
[Date "1992.??.??"]
[Round "6"]
[White "Deszczynski, Adam"]
[Black "Adamski, Andrzej"]
[Result "1/2-1/2"]
[WhiteElo "2235"]
[BlackElo "2305"]

1.e4 d6 2.d4 g6 3.Nc3 Bg7 4.Be2 c6 5.Nf3 Nf6 6.h3 O-O 7.O-O Nbd7 8.Be3 e5
9.dxe5 dxe5 10.Nd2 Qe7 11.Nc4 Ne8 12.Qd2 Ndf6 13.a4 Kh8 14.Rfd1 Nc7 15.Qd6 Qxd6
16.Nxd6 b6 17.Nxc8 Rfxc8 18.Bc4 Kg8 19.Rd6 Nce8 20.Rd2 Bf8 21.Rad1 Bb4 22.f3 Kg7
23.g4 Rc7 24.g5 Ng8 25.Rd7 Rac8 26.Bxf7 Nd6 27.Rxc7 Rxc7 28.Bxg8 Kxg8 29.Na2 Nc4
30.Nxb4 Nxe3 31.Rd3 a5 32.Na6 Ra7 33.Rxe3 Rxa6 34.Rc3 b5 35.axb5 cxb5 36.Rc5 b4
37.b3 Kf7 38.Rxe5 Rc6 39.Rxa5 Rxc2 40.Rb5 Rc3 41.Kf2 Rxb3 42.Rb7+ Ke6 43.Rxh7 Ke5
44.h4 Rb1 45.Re7+ Kd6 46.Rb7 Kc6 47.Rb8 Kc7 48.Rb5 Kc6 49.Rb8 Kc7 50.Rg8 b3
51.Rg7+ Kc8 52.Rxg6 Kc7 53.Rg7+ Kc6 54.Rg8 Kc7  1/2-1/2

[Event "Warsaw op"]
[Site "Warsaw"]
[Date "1992.??.??"]
[Round "9"]
[White "Wiech, Grzegorz"]
[Black "Adamski, Andrzej"]
[Result "1-0"]
[WhiteElo "2245"]
[BlackElo "2305"]

1.e4 d6 2.d4 g6 3.Nc3 Bg7 4.Nf3 Nf6 5.Be2 O-O 6.O-O c6 7.Re1 Nbd7 8.e5 Ne8
9.Bg5 f6 10.exd6 exd6 11.Bf4 d5 12.Bd3 Nb6 13.h3 Nd6 14.Ne2 Be6 15.c3 Qd7
16.Nc1 Nbc8 17.Nb3 b6 18.Nbd2 Bf5 19.Qc2 Bxd3 20.Qxd3 Qf5 21.Qxf5 Nxf5 22.Re6 Nfe7
23.Rae1 Kf7 24.g4 h6 25.Kg2 Rd8 26.Bg3 Rd7 27.Nh4 g5 28.Nhf3 a5 29.h4 Na7
30.Bd6 Bf8 31.Nf1 Nb5 32.Bxe7 Bxe7 33.Rxc6 Rb8 34.Ng3 a4 35.Nf5 Bf8 36.Ree6 Bg7
37.Nxg7 Kxg7 38.Rxf6 a3 39.bxa3 gxh4 40.Rg6+ Kf8 41.Rxh6  1-0

[Event "Wattens op"]
[Site "Wattens"]
[Date "1992.??.??"]
[Round "7"]
[White "Kuporosov, Viktor"]
[Black "Lechtynsky, Jiri"]
[Result "1/2-1/2"]
[WhiteElo "2510"]
[BlackElo "2395"]

1.e4 g6 2.d4 Bg7 3.Nc3 d6 4.f4 Nf6 5.Nf3 O-O 6.Be2 c5 7.dxc5 Qa5 8.O-O Qxc5+
9.Kh1 Nc6 10.Bd3 Bg4 11.Qe1 Bxf3 12.Rxf3 Nb4 13.Bd2 Rac8 14.Qe2  1/2-1/2

[Event "Werfen op"]
[Site "Werfen"]
[Date "1992.??.??"]
[Round "4"]
[White "Brandner, Stefan"]
[Black "Kosanski, Stanko"]
[Result "0-1"]
[WhiteElo "2235"]
[BlackElo "2385"]

1.e4 g6 2.d4 Bg7 3.Nc3 d6 4.Bg5 c6 5.Qd2 b5 6.f4 Nd7 7.a4 b4 8.Nd1 a5 9.Nf3 c5
10.c3 Ngf6 11.Bd3 O-O 12.O-O cxd4 13.cxd4 d5 14.e5 Ne4 15.Qe2 Nxg5 16.fxg5 Nb6
17.Ne3 Be6 18.h4 Rc8 19.h5 Nc4 20.Nh4 Qb6 21.Bxc4 dxc4 22.Rad1 Rfd8 23.Qf2 c3
24.bxc3 Rxc3 25.Ng4 gxh5 26.Nh6+ Bxh6 27.gxh6 Bc4 28.Qf4 Bxf1 29.Qg5+ Kf8
30.Nf5 Rc7 31.Rxf1 Qg6 32.Qf4 b3 33.e6 Rc4 34.Qe5 f6 35.Qxa5 Re8 36.Qd5 Rc2
37.Qe4 Rec8 38.Qb7 Re8 39.Qe4 Rd2 40.a5 Ra2 41.Qd5 h4 42.Kh2 Kg8 43.Rf4 Kh8
44.Nxh4 Qg5 45.Qe4 Rg8 46.a6 Rxa6  0-1

[Event "Werfen op"]
[Site "Werfen"]
[Date "1992.??.??"]
[Round "6"]
[White "Maljutin, Evgeni"]
[Black "Brandner, Stefan"]
[Result "1-0"]
[WhiteElo "2480"]
[BlackElo "2235"]

1.e4 g6 2.d4 Bg7 3.Nc3 d6 4.Be3 Nd7 5.Qd2 a6 6.Bd3 e6 7.f4 Ne7 8.Nf3 b5 9.a4 b4
10.Ne2 a5 11.f5 exf5 12.exf5 Nf6 13.Ng3 Ng4 14.Bf4 Nd5 15.O-O O-O 16.Be4 Ngf6
17.Bxd5 Nxd5 18.Bh6 Ba6 19.Rfe1 Bxh6 20.Qxh6 Qf6 21.Ne4 Qg7 22.Qh4 f6 23.fxg6 Qxg6
24.Qf2 Kh8 25.Nh4 Qg4 26.Qf5 Qxh4 27.Qxd5 f5 28.Nf2 f4 29.Re6 Rab8 30.Qe4 Bc8
31.Re8 Bf5 32.Rxb8 Bxe4 33.Rxf8+ Kg7 34.Rc8 Bd5 35.Rxc7+ Kh6 36.Re1 Qg5 37.Ne4 Qg6
38.Re7 f3 39.g3 Qf5 40.Nf2 Qxc2 41.Rd7 Qc6 42.Rd8 b3 43.h4 Qc7 44.Rde8 Qg7
45.R8e6+ Kh5 46.Kh2 Qd7 47.g4+ Kxh4 48.Rh6+ Kg5 49.Rh5+ Kg6 50.Rxd5 Qd8 51.Kg3  1-0

[Event "Werfen op"]
[Site "Werfen"]
[Date "1992.??.??"]
[Round "8"]
[White "Janovsky, Sergey"]
[Black "Kosanski, Stanko"]
[Result "1/2-1/2"]
[WhiteElo "2435"]
[BlackElo "2385"]

1.e4 g6 2.d4 Bg7 3.Nc3 d6 4.Nf3 Nf6 5.Be2 O-O 6.O-O Bg4 7.Be3 Nc6 8.h3 Bxf3
9.Bxf3 e5 10.dxe5 dxe5 11.Ne2 Qe7 12.c3 Nd8 13.Qc2 Ne6 14.Rfd1 Rfd8 15.Rxd8+ Rxd8
16.Qa4 a6 17.Rd1 Rxd1+ 18.Qxd1 h5 19.Qb3 c6 20.Nc1 b5 21.Qc2 Kh7 22.Nd3 Qd6
23.Qd2 a5 24.Kf1 Ng8 25.Qd1 Nf6 26.Ke1 a4 27.Qd2 Bf8 28.Nb4 Qc7 29.Qd3 Bh6
30.Na6 Qc8 31.Nc5 Bxe3 32.Qxe3 Nxc5 33.Qxc5 Qe6 34.a3 Kg7 35.Kd2 Nd7 36.Qe3 Qd6+
37.Kc2 c5 38.Be2 c4 39.h4 Nc5 40.g3 Nb3 41.Bf1 Qd7 42.f3 Kg8 43.Bg2 f6 44.Bf1 Kh7
45.Be2 Kg7 46.Bf1  1/2-1/2

[Event "Hoogovens-B"]
[Site "Wijk aan Zee"]
[Date "1992.??.??"]
[Round "1"]
[White "Moskalenko, Viktor"]
[Black "Cifuentes Parada, Roberto"]
[Result "1-0"]
[WhiteElo "2505"]
[BlackElo "2540"]

1.d4 d6 2.e4 g6 3.Nc3 Bg7 4.Nf3 Nf6 5.Be2 O-O 6.O-O c5 7.d5 Na6 8.Re1 Nc7
9.a4 b6 10.h3 Bb7 11.Bf4 Qd7 12.Bc4 Rad8 13.Nb5 a6 14.Nxc7 Qxc7 15.Qd3 Qc8
16.Rad1 Nd7 17.Bd2 Rfe8 18.Bc3 Bxc3 19.bxc3 f6 20.Rb1 Kg7 21.Qe2 Qc7 22.Nd2 Ra8
23.f4 Nf8 24.e5 fxe5 25.fxe5 Nd7 26.Nf3 dxe5 27.Ng5 Qd6 28.Ne4 Qc7 29.Ng5 Qd6
30.Ne4 Qc7 31.Qg4 Nf6 32.Qe6 Rf8 33.Ng5 b5 34.Qxe5 Qxe5 35.Rxe5 Kh6 36.Ne6 Rg8
37.axb5 axb5 38.Rxb5 Ba6 39.Rxc5 Nd7 40.Re4 g5 41.Bxa6 Rxa6 42.Rc6 Rxc6 43.dxc6 Nf6
44.Rd4 Ra8 45.c7 Ne8 46.Rd7 Nd6 47.Rxe7 Ra1+ 48.Kh2 Re1 49.Rd7 Nc8 50.Nf8 Re7
51.Rxe7 Nxe7 52.Nd7  1-0

[Event "Hoogovens-B"]
[Site "Wijk aan Zee"]
[Date "1992.??.??"]
[Round "2"]
[White "Kuijf, Marinus"]
[Black "Cifuentes Parada, Roberto"]
[Result "1-0"]
[WhiteElo "2440"]
[BlackElo "2540"]

1.d4 d6 2.Nc3 g6 3.e4 Bg7 4.f4 Nf6 5.Bc4 O-O 6.e5 Ne8 7.Nf3 c6 8.O-O Bg4
9.Kh1 Nc7 10.h3 Bxf3 11.Qxf3 d5 12.Bd3 e6 13.b3 f6 14.Ba3 fxe5 15.dxe5 Rf7
16.Qg4 Nd7 17.Bd6 Nf8 18.Na4 b6 19.Rad1 Qe8 20.c4 Rd8 21.c5 b5 22.Nc3 Kh8
23.Ne2 Qd7 24.Nd4 Re8 25.Nf3 Bh6 26.Nd4 Rc8 27.Qh4 Kg7 28.Qg4 Kh8 29.Rf3 Re8
30.Qh4 Kg7 31.Rdf1 Rf5 32.Bxf5 gxf5 33.Qf6+  1-0

[Event "Wisla BES op"]
[Site "Wisla"]
[Date "1992.??.??"]
[Round "1"]
[White "Balashov, Yuri S"]
[Black "Beszterczey, Laszlo"]
[Result "1-0"]
[WhiteElo "2565"]
[BlackElo "2255"]

1.e4 g6 2.d4 Bg7 3.Nc3 d6 4.Nf3 Bg4 5.Be2 Nc6 6.Be3 e5 7.d5 Nce7 8.Ng5 Bd7
9.f4 exf4 10.Bxf4 h6 11.Nf3 g5 12.Be3 Ng6 13.Bd4 Nf6 14.e5 dxe5 15.Nxe5 Nxe5
16.Bxe5 O-O 17.O-O Ne4 18.Bxg7  1-0

[Event "Oberliga Wuert9192"]
[Site "Wuerttemberg"]
[Date "1992.??.??"]
[Round "?"]
[White "Pieper, Thomas"]
[Black "Gazik, Igor"]
[Result "0-1"]
[WhiteElo "2210"]
[BlackElo "2435"]

1.e4 g6 2.d4 Bg7 3.Nc3 d6 4.Be3 Nc6 5.h3 e5 6.Nf3 exd4 7.Nxd4 Nf6 8.Qd2 O-O
9.Nf3 Re8 10.Bd3 d5 11.exd5 Nxd5 12.Nxd5 Qxd5 13.c4 Qd6 14.O-O Qb4 15.Rab1 Qxd2
16.Bxd2 Rd8 17.Be4 Ne5 18.Bf4 Nxc4 19.Bxc7 Re8 20.Bd5 Re7 21.Bd8 Rd7 22.Bxc4 Rxd8
23.Ng5 Rf8 24.Rbe1 Bf6 25.Ne4 Bxb2 26.Re3 Kg7 27.Nd6 Bd7 28.Re7 Bc6 29.Nxb7 Bf6
30.Rc7 Rac8 31.Rxc8 Rxc8 32.Nd6 Rd8 33.Nb5 a5 34.Re1 Rd2 35.Re2 Rxe2 36.Bxe2 Bd5
37.Nd6 Be5 38.Nc4 Bc3 39.a3 Kf6 40.Ne3 Bb3 41.Bd1 Bxd1 42.Nd5+ Ke5 43.Nxc3 Bb3
44.Kf1 Kd4 45.Ne2+ Kd3 46.Ke1 Kc2 47.h4 Bc4 48.Nd4+ Kb2 49.Kd2 Kxa3 50.Kc3 Bd5
51.g4 Ka2 52.Nc2 Bf3 53.g5 Kb1 54.Na3+ Kc1 55.Nc4 a4 56.Ne5 Bd5 57.Kb4 Bb3
58.Ka3 Kd2 59.Ng4 Ke2 60.Nf6 Kxf2 61.Nxh7 Kg3 62.Kb4 Kxh4 63.Ka3 Kh5 64.Kb4 f5
65.gxf6 Kh6 66.Nf8 g5 67.Nd7 Kg6 68.Ka3 Bc2 69.Ne5+ Kxf6 70.Ng4+ Ke6 71.Kb4 Bb3
72.Ka3 Kf5 73.Nf2 Ke5 74.Kb4 Kd4 75.Ka3 Ke3 76.Ng4+ Kf4 77.Nf2 Be6 78.Kxa4 Ke3
79.Nd1+ Kd2 80.Nf2 Bf5 81.Nh1 Ke1 82.Kb4 Be4 83.Ng3 Bg6 84.Nh1 Kf1 85.Ng3+ Kf2  0-1

[Event "Oberliga Wuert9192"]
[Site "Wuerttemberg"]
[Date "1992.??.??"]
[Round "?"]
[White "Ott, Frank"]
[Black "Schmitt, Axel"]
[Result "1/2-1/2"]
[WhiteElo "2250"]
[BlackElo "2300"]

1.e4 g6 2.d4 Bg7 3.Nc3 d6 4.f4 c6 5.Be3 Qb6 6.Rb1 e5 7.Nf3 Bg4 8.Qd2 exf4
9.Bxf4 Bxf3 10.gxf3 Qxd4 11.Qxd4 Bxd4 12.Bxd6 Nd7 13.Bh3 Ngf6 14.Ke2 Bc5
15.Rbd1 Bxd6 16.Rxd6 Ke7 17.Rhd1 Rhd8 18.f4 Nb6 19.Rxd8 Rxd8 20.Rxd8 Kxd8
21.b3 Ke7 22.Kf3 Ne8 23.Nd1 Nc7 24.Nf2 Ne6 25.Ke3 Nd7 26.Nd3 Ndc5 27.b4 Nd7
28.a4 b6 29.Nb2 c5 30.c3 cxb4 31.cxb4 Nb8 32.f5 Ng5 33.Bg2 f6 34.Nc4 Nc6
35.b5 Ne5 36.Nxe5 fxe5 37.h4 Nf7 38.fxg6 hxg6 39.Kf3 Kd6 40.Kg4 Kc5 41.Bf3 Kd4
42.Bd1 Kc3  1/2-1/2

[Event "Zalaegerszeg op"]
[Site "Zalaegerszeg"]
[Date "1992.??.??"]
[Round "?"]
[White "Bauer, Reinhard"]
[Black "Deutsch, Ludwig"]
[Result "0-1"]
[WhiteElo "2310"]
[BlackElo "2220"]

1.d4 g6 2.Nc3 Bg7 3.e4 d6 4.Bg5 c6 5.Qd2 Qa5 6.Nge2 Nd7 7.h4 h5 8.Nc1 a6
9.Nb3 Qc7 10.a4 b6 11.Be2 Bb7 12.O-O Ngf6 13.f4 c5 14.d5 Ng4 15.Bxg4 hxg4
16.f5 gxf5 17.Rxf5 Be5 18.Bf4 Rxh4 19.Bxe5 Nxe5 20.Qg5 Rh8 21.Rxe5 dxe5 22.Qg7 O-O-O
23.Qxg4+ Kb8 24.Nd2 c4 25.g3 Qc5+ 26.Kg2 Bc8 27.Qe2 Bh3+ 28.Kf3 Rdg8 29.Qe1 Rh6  0-1

[Event "Zalakaros op rap"]
[Site "Zalakaros"]
[Date "1992.??.??"]
[Round "4"]
[White "Boronyak, Arpad"]
[Black "Beszterczey, Laszlo"]
[Result "1-0"]
[WhiteElo "2290"]
[BlackElo "2245"]

1.e4 g6 2.d4 Bg7 3.Nc3 d6 4.f4 c6 5.Nf3 Bg4 6.Be2 Qb6 7.e5 Nh6 8.h3 Bxf3
9.Bxf3 Nf5 10.Ne2 O-O 11.c3 Nh4 12.Qc2 c5 13.Be3 Nc6 14.O-O-O cxd4 15.Nxd4 Nxf3
16.gxf3 dxe5 17.Nf5 Qa5 18.Nxg7 Kxg7 19.fxe5 Qxa2 20.Qe4 Rac8 21.h4 Na5 22.h5 Rxc3+
23.Kd2 Rd8+ 24.Bd4 Rxd4+ 25.Qxd4 Qxb2+ 26.Ke1 Nc6 27.h6+  1-0

[Event "Zalakaros op"]
[Site "Zalakaros"]
[Date "1992.??.??"]
[Round "5"]
[White "Tolnai, Tibor"]
[Black "Dobos, Jozsef"]
[Result "1-0"]
[WhiteElo "2490"]
[BlackElo "2365"]

1.e4 g6 2.d4 Bg7 3.Nc3 d6 4.Be3 a6 5.f4 Nd7 6.Nf3 b5 7.a4 b4 8.Nb1 Ngf6 9.Bd3 Bb7
10.Nbd2 O-O 11.h3 e6 12.O-O Qe7 13.Qe1 d5 14.e5 Ne4 15.Nb3 a5 16.Nfd2 Nxd2
17.Qxd2 f6 18.c3 c5 19.exf6 Bxf6 20.Nxc5 Nxc5 21.dxc5 bxc3 22.bxc3 Qg7 23.Rac1 Bc6
24.Bb5 Qd7 25.Rb1 Rab8 26.Qd3 Qc7 27.Bd4 Be8 28.Qe3  1-0

[Event "Zuerich op"]
[Site "Zuerich"]
[Date "1992.??.??"]
[Round "?"]
[White "Lendwai, Reinhard"]
[Black "Seul, Georg"]
[Result "1-0"]
[WhiteElo "2415"]
[BlackElo "2410"]

1.e4 d6 2.d4 g6 3.Nc3 Bg7 4.Bg5 c5 5.dxc5 Qa5 6.Qd2 Bxc3 7.bxc3 Qxc5 8.Rb1 Nf6
9.f3 Qc7 10.Ne2 Be6 11.a4 Nbd7 12.Nd4 Rc8 13.Be2 O-O 14.h4 Nc5 15.Rb4 d5
16.Bf4 Qa5 17.e5 Nh5 18.Bh2 Ng7 19.h5 gxh5 20.Bf4 Kh8 21.Bh6 Rg8 22.Bxg7+ Rxg7
23.Rxh5 Qc7 24.Kf1 Qd8 25.Qf4 a5 26.Rb1 Qg8 27.Rh2 Bd7 28.Qh4 Qf8 29.Rb6 Be6
30.Rb5 Qd8 31.Rb1 Bd7 32.Bb5 Bxb5+ 33.Rxb5 Qd7 34.Rxa5 b6 35.Rb5 Nxa4 36.Rb4 Nxc3
37.Rxb6 Qa7 38.Rh6 Qa1+ 39.Qe1 Qxe1+ 40.Kxe1 e6 41.Kd2 Rc4 42.Kd3 Na4 43.g4 Nc5+
44.Ke3 Nd7 45.R6h5 Nb8 46.Nb5 Nd7 47.Nd6 Rc3+ 48.Kf4 f6 49.exf6 Nxf6 50.Re5 Re7
51.Rhe2 Ng8 52.Rxe6 Rxe6 53.Rxe6 Rxc2 54.Nf5 Rc8 55.Rd6 Rf8 56.Kg5 Re8 57.Rxd5 Ne7
58.Nxe7 Rxe7 59.Kf6 Re8 60.Rd7 Rf8+ 61.Rf7 Ra8 62.f4 Ra6+ 63.Kg5 Kg8 64.Re7 Rb6
65.f5 Ra6 66.Re6 Ra8 67.Rc6 Kg7 68.f6+ Kg8 69.Kh5 Ra1 70.g5 Rh1+ 71.Kg4 Rg1+
72.Kf5 Rf1+ 73.Ke6 Re1+ 74.Kd6 Rg1 75.Ke7 Re1+ 76.Re6 Rf1 77.Ke8 h5 78.gxh6 Rf2
79.f7+  1-0

[Event "Aachen op"]
[Site "Aachen"]
[Date "1993.??.??"]
[Round "4"]
[White "Ahn, Martin"]
[Black "Adamski, Andrzej"]
[Result "1/2-1/2"]
[WhiteElo "2245"]
[BlackElo "2305"]

1.e4 d6 2.d4 g6 3.Nc3 Bg7 4.Be2 c6 5.h4 Qb6 6.Be3 Qxb2 7.Na4 Qa3 8.c4 b5
9.cxb5 Qb4+ 10.Kf1 cxb5 11.Rb1 Qa5 12.Rxb5 Qc7 13.h5 gxh5 14.Rg5 Kf8 15.Qd2 h6
16.Rgxh5 Nd7 17.Nc3 Ndf6 18.R5h4 Bb7 19.Nb5 Qb8 20.d5 Bc8 21.f3 Bd7 22.Nd4 Qb1+
23.Kf2 h5 24.Nb3 Ne8 25.Rxh5 Rxh5 26.Rxh5 a5 27.Bd3 Qb2 28.Qxb2 Bxb2 29.Ne2 a4
30.Nbd4 a3 31.g4 Nef6 32.Rh1 Bxg4 33.Rh8 Kg7 34.Rh1 Bd7 35.Ng3 e6 36.dxe6 fxe6
37.Bc4 Re8 38.Nh5+ Nxh5 39.Rxh5 Nf6 40.Rg5+ Kf8 41.Nb5 Bxb5 42.Rxb5 Kf7 43.Bf4 Bd4+
44.Kf1 d5 45.exd5 Nxd5 46.Bxd5 exd5 47.Rxd5 Bb2 48.Rd3 Rh8 49.Ke2 Ke6 50.Kd1 Rc8
51.Bd2 Ke5 52.Rb3 Kd4 53.Be3+ Kd5 54.Ke2 Rh8 55.Kd3 Rh1 56.Rb5+ Ke6  1/2-1/2

[Event "Aalborg op"]
[Site "Aalborg"]
[Date "1993.??.??"]
[Round "2"]
[White "Christensen, Tobias"]
[Black "Pedersen, Bjarne"]
[Result "1/2-1/2"]
[WhiteElo "2380"]
[BlackElo "2230"]

1.e4 g6 2.d4 Bg7 3.Nc3 d6 4.f4 Nc6 5.Bb5 a6 6.Bxc6+ bxc6 7.Nf3 Bg4 8.O-O Qb8
9.Rb1 c5 10.Be3 Bxf3 11.Rxf3 cxd4 12.Bxd4 Bxd4+ 13.Qxd4 Qa7 14.Qxa7 Rxa7
15.Nd5 Kd7 16.Rd1 e6 17.Nb4 Ne7 18.Ra3 Rb8 19.Rb3 Rb6 20.Nd3 Rxb3 21.axb3 Kc6
22.Kf2 Kb5 23.Ke3 Ra8 24.Ne1 Nc6 25.Nf3 Rf8 26.Ng5 e5 27.g3 f6 28.Nf3 exf4+
29.Kxf4 f5 30.exf5 Rxf5+ 31.Ke3 Ne5 32.Nxe5 Rxe5+ 33.Kf3 Rf5+ 34.Kg2 Re5
35.Rd2 Re1 36.Kf3 Kc6 37.Kg4 Re5 38.h4 a5 39.Kf3 Rf5+ 40.Kg2 Rc5 41.g4 Rb5
42.Rd4 Rc5 43.Rd2  1/2-1/2

[Event "Aalborg op"]
[Site "Aalborg"]
[Date "1993.??.??"]
[Round "8"]
[White "Rasmussen, Casper"]
[Black "Andreasen, Per"]
[Result "1/2-1/2"]
[WhiteElo "2270"]
[BlackElo "2275"]

1.e4 g6 2.d4 Bg7 3.Nc3 d6 4.Be3 c6 5.Qd2 Qa5 6.O-O-O Nd7 7.f4 b5 8.Nf3 Ngf6
9.e5 b4 10.exf6 bxc3 11.fxg7 cxd2+ 12.Bxd2 Qxd2+ 13.Rxd2  1/2-1/2

[Event "Aarhus-C"]
[Site "Aarhus"]
[Date "1993.??.??"]
[Round "2"]
[White "Rewitz, Poul"]
[Black "Sogaard, Soren"]
[Result "1/2-1/2"]
[WhiteElo "2250"]
[BlackElo "2290"]

1.e4 g6 2.d4 Bg7 3.Nc3 d6 4.g3 Nf6 5.Bg2 O-O 6.Nge2 e5 7.h3 Nc6 8.Be3 Re8
9.O-O exd4 10.Nxd4 Bd7 11.Nxc6 Bxc6 12.Qd3 Qd7 13.Rfe1 Re7 14.Bd4 Rae8 15.Re3 b5
16.Rae1 b4 17.Nd5 Nxd5 18.exd5 Rxe3 19.Rxe3 Bb5 20.Qd2 a5 21.Bxg7 Kxg7 22.c3 Rxe3
23.Qxe3 Qf5 24.cxb4 Qb1+ 25.Kh2 Qxb2 26.bxa5 Qb4 27.Qa7 Qc4 28.a3 h6 29.Qe3 Ba6
30.h4 h5 31.Qd2 Qc5 32.a4 Kg8 33.Be4 Kg7 34.Qb2+ Kg8 35.Qd2 Kg7 36.Kg2 Qc4
37.Qc2 Qb4 38.Bf3 Qxa5 39.Qb2+ Kg8 40.Qb8+ Kg7  1/2-1/2

[Event "Aarhus int"]
[Site "Aarhus"]
[Date "1993.??.??"]
[Round "3"]
[White "Summerscale, Aaron"]
[Black "Kristensen, Leif"]
[Result "0-1"]
[WhiteElo "2345"]
[BlackElo "2310"]

1.d4 d6 2.e4 g6 3.Nc3 Bg7 4.Be3 c6 5.a4 Nf6 6.Nf3 O-O 7.Be2 Nbd7 8.O-O e5
9.dxe5 dxe5 10.Nd2 Qe7 11.Nc4 Rd8 12.Qd6 Qxd6 13.Nxd6 Nf8 14.Nxc8 Rdxc8 15.Bc4 Re8
16.f3 Ne6 17.Ne2 Bf8 18.Rfd1 Bc5 19.Bxc5 Nxc5 20.Rd6 Kg7 21.b4 Ne6 22.Bxe6 Rxe6
23.Rxe6 fxe6 24.Rd1 Kf7 25.Nc1 a5 26.Nd3 axb4 27.Nxe5+ Ke7 28.Nd3 Rxa4 29.Rb1 Nd7
30.Nxb4 Kd6 31.Nd3 b5 32.Rd1 Ke7 33.Kf1 c5 34.Ke1 Ra2 35.Kd2 b4 36.Rb1  0-1